[Event "Olympiad-33"]
[Site "Elista"]
[Date "1998.10.12"]
[Round "13.1"]
[White "Svidler, Peter"]
[Black "Timman, Jan H"]
[Result "1-0"]
[WhiteElo "2710"]
[BlackElo "2655"]
[Annotator "Wedberg,T"]
[PlyCount "100"]
[EventDate "1998.09.29"]
[EventType "team-swiss"]
[EventRounds "13"]
[EventCountry "RUS"]
[SourceTitle "CBM 068"]
[Source "ChessBase"]
[SourceDate "1999.02.01"]
[SourceVersion "1"]
[SourceVersionDate "1999.02.01"]
[SourceQuality "1"]
[WhiteTeam "Russia"]
[BlackTeam "Netherlands"]
[WhiteTeamCountry "RUS"]
[BlackTeamCountry "NED"]

1. e4 e5 2. Nf3 Nc6 3. Bb5 Nf6 4. O-O Nxe4 5. d4 Nd6 6. Bxc6 dxc6 7. dxe5 Nf5
8. Qxd8+ Kxd8 9. Rd1+ Ke8 10. Nc3 Ne7 11. Nd4 Ng6 (11... Nf5 12. Nde2 Be7 13.
b3 Bd7 14. Bb2 Rd8 15. Ne4 h5 16. c4 a5 17. Rd3 Bc8 18. Rad1 $14 {1-0
Matulovic,M-Karaklajic,N/Banja Vrucica 1991/EXT 97 (41)}) 12. Ne4 {The
negative aspect of the manouvre Nf5-e7-g6 is that White can establish a N on
d4. Together with the companion on e4 this gives a number of attacking
possibilities.} (12. f4 {this promises White nothing because Black can
exchange Bf8 for Nd4.} Bg4 (12... Bc5 13. Be3 Bxd4 14. Rxd4 Bf5 $11 {Ye
Jiangchuan-Rausis,I/Lee Cup 1996/EXP 54/1/2-1/2 (48)}) 13. Rd3 Rd8 14. Be3 Bc5
15. Rf1 h5 16. Rf2 Ne7 17. Rfd2 Bxd4 18. Rxd4 Rxd4 19. Bxd4 b6 $11 {0-1
Goloshchapov,A-Haba,P/Pardubice 1998/EXT 99 (87)}) (12. Re1 Bc5 13. Nb3 Bb4 $11
) 12... Be7 13. f4 (13. Re1 c5 {This looks a bit daring, but is a logical move
to fight for the control of the centre.} 14. Nb5 (14. Nb3 b6 15. Nf6+ $2 (15.
Nd6+ $11) 15... Kf8 16. Nd5 Bd8 17. Nd2 c6 18. Ne3 Nxe5 $17 {Leko,P-Almasi,Z/
HUN-ch 1997/CBM 62/0-1 (53)}) 14... Kd7 $1 15. Bg5 Re8 16. a4 a6 17. Bxe7 axb5
18. Bxc5 Rxa4 19. Rxa4 bxa4 20. Bd4 Kc6 21. c3 Kd5 $15 {1/2-1/2 Spasov,V-Zhang
Zhong/Elista 1998/CBM 66 ext (57)}) 13... Nh4 $146 {[%mdl 8] A logical and
seemingly strong novelty. The idea is to blockade Whites f-P and at the same
time to challenge the N on d4. Blacks plan is to play Nf5.} (13... Bg4 14. Rd3
{keeping the R on the d-file prevents the manouvre c5 followed by Kd7-c6.} Rd8
15. h3 Bd7 16. Be3 c5 17. Ne2 b6 18. c4 h5 19. Rad1 h4 $14 {1/2-1/2 Peng
Xiaomin-Almasi,Z/Groningen 1997/CBM 63/[Wedberg] (33)}) 14. Re1 {Perhaps
threatening to check on d6, but it also allows Black to develop in an
explosive way.} (14. Be3 Nf5 15. Bf2 Nxd4 16. Rxd4 Be6 $13) 14... c5 $5 (14...
Nf5 15. Nxf5 Bxf5 16. Nd6+ (16. Nf6+ Kf8 $15) 16... Bxd6 17. exd6+ Kd7 $11) 15.
Nb5 Kd7 {Shooting up the K from e8 to c6 is a powerful manouvre. If White
reacts timidly Black can soon get the upper hand. (see Spasov - Zhang Zhong/
Elista 1998 above). Svidler knows this and starts a series of aggressive moves.
} 16. b4 $5 Kc6 $1 (16... a6 17. Nbc3 cxb4 18. Rd1+ Kc6 19. Nd5 $132) (16...
cxb4 17. a3 Kc6 18. Nd4+ Kd5 19. Bb2 $5 (19. Nb5 $11) 19... bxa3 20. Bc3 Kc4
21. Red1 $13) 17. a4 b6 {Timman keeps a P on c5 to guard the vulnerable square
d4.} 18. bxc5 bxc5 19. Ba3 Nf5 20. Nf2 (20. g4 Nh4 21. Re3 a6 (21... Bxg4 22.
Rc3 $40) 22. Rc3 axb5 23. Bxc5 Bxc5+ 24. Rxc5+ Kd7 $17) (20. Rab1 $5) 20... a6
21. Nc3 Nd4 22. Rac1 g5 $1 $36 23. Nd3 gxf4 24. Nxf4 Bg5 25. Ncd5 Bf5 $17 {
A complex position, both sides are quite active. The question is whether the K
on c6 is strong or a liability. The answer is that the K is safe for the time
being, so the advantage goes to Black.} 26. Re3 {/\Rc3} Rad8 27. c4 Ne6 28. Rf1
$2 (28. g3 $142) 28... Nxf4 29. Nxf4 Rd4 30. Bb2 {White is now out on a
fishing expedition. His position is lost, but Black has to find out how to do
it.} Rxc4 (30... Rxf4 31. Rxf4 Bxf4 32. Rf3 Bxh2+ 33. Kxh2 Be6 $17) 31. e6 f6
$6 (31... Bxf4 32. Rxf4 (32. Ref3 Rb8 33. Rxf4 Rxf4 34. Rxf4 Bxe6 $19) 32...
Rxf4 33. Bxh8 Bxe6 $19) 32. g3 Re8 33. e7 Be4 (33... Rxa4 34. h4 Bxf4 35. Rxf4
Rxf4 36. gxf4 $15) 34. h4 Bxf4 35. Rxf4 Rxe7 36. Bxf6 Re6 37. a5 Kd5 38. Bc3
Rxc3 $6 {Strange decision, now White can play for a win.} (38... Ra4 $15) 39.
Rxc3 c4 40. Rf7 $132 c6 41. Kf2 Kd4 (41... Bd3 $142 42. Rd7+ Ke4 $13) 42. Re3
c3 43. Rd7+ Kc4 44. Ke1 h5 45. Rdd3 Bxd3 $1 46. Rxe6 Kb3 47. Rxc6 Kb2 48. Rc5
Bg6 49. Rc8 Bd3 50. Rc6 Bg6 $4 (50... Bf5 51. Rb6+ $18) (50... Bb5 $8 51. Rc7
Bd3 52. Kf2 Bb5 (52... c2 53. Ke3 $18) 53. Ke3 Bf1 54. g4 hxg4 55. h5 g3 56. h6
g2 57. Kf2 Bd3 58. h7 Bxh7 59. Rb7+ Ka3 60. Rxh7 c2 $11) 1-0

[Event "Tilburg Fontys"]
[Site "Tilburg"]
[Date "1998.10.26"]
[Round "4"]
[White "Svidler, Peter"]
[Black "Leko, Peter"]
[Result "1/2-1/2"]
[WhiteElo "2710"]
[BlackElo "2665"]
[Annotator "Lukacs,P"]
[PlyCount "45"]
[EventDate "1998.10.23"]
[EventType "tourn"]
[EventRounds "11"]
[EventCountry "NED"]
[EventCategory "18"]
[SourceTitle "EXT 1999"]
[Source "ChessBase"]
[SourceDate "1998.11.16"]
[SourceVersion "1"]
[SourceVersionDate "1998.11.16"]
[SourceQuality "1"]

1. e4 c6 2. d4 d5 3. e5 Bf5 4. Nf3 e6 5. Be2 c5 6. Be3 cxd4 7. Nxd4 Ne7 8. c4 (
8. Bg5 Qa5+ 9. Qd2 (9. c3 Bg6 10. O-O a6 11. h4 h5 {See Svidler-Epishin,
FIDE-wch 1997 CBM 63}) 9... Qxd2+ 10. Nxd2 Bg6 11. Nb5 Kd7 12. c4 Nbc6 13. Nf3
Be4 14. Rd1 {White wants to open up the position at any rate.} Bxf3 15. Bxf3
Nxe5 16. Be2 f6 17. Bc1 a6 18. Nc3 Kc6 19. cxd5+ Nxd5 20. Bd2 $44 {
Morozevich-A.Galkin, Moscow 1998}) 8... Nbc6 (8... Bxb1 9. Rxb1 Nbc6 10. O-O
dxc4 {See Shaked-Burmakin Anibal (op) CBM 58}) 9. Qa4 a6 (9... dxc4 10. Na3 Qd7
11. Nxc4 Nd5 12. Nxc6 (12. Nxf5 $6 {is strongly met by the intermediate} Bb4+ {
See Khalifman-Dreev, Russian Club Cup 1998 CBM 66}) 12... bxc6 (12... Bb4+ $2
13. Qxb4 $1 Nxb4 14. Nxb4 $16) (12... Qxc6 $2 {[#]} 13. Nd6+ $1 {[%mdl 64]}
Bxd6 14. Bb5 Bb4+ 15. Ke2 Bd3+ 16. Kxd3 Nf4+ 17. Bxf4 O-O-O+ 18. Ke2 Qe4+ 19.
Be3 $18) 13. O-O Be7 14. Rac1 O-O 15. Rfd1 $14 {Dreev}) 10. Nc3 (10. Na3 {
allows the exhange of the queens after} Qa5+ $1 11. Qxa5 Nxa5 12. O-O dxc4 13.
Nxc4 Nxc4 14. Bxc4 Be4 15. Rac1 Bd5 16. Be2 Rc8 17. Rxc8+ Nxc8 {1/2
Svidler-Anand, Tilburg Fontys 1998}) 10... dxc4 11. Rd1 (11. O-O-O $5 Bd3 (
11... b5 $4 12. Nxc6 Qc7 13. Nxb5 $18) (11... Qa5 12. Qxa5 Nxa5 13. Nxf5 Nxf5
14. Bb6 Bb4 (14... Nc6 15. f4 $44) 15. Bf3 $44) 12. Bxd3 cxd3 13. Rxd3 Qa5 (
13... b5 $2 14. Ndxb5 $1 Qxd3 15. Rd1) 14. Nxc6 Nxc6 $11) 11... Bd3 (11... Qa5
{may hold the P, but White's pieces are very active:} 12. Qxa5 Nxa5 13. Nxf5
Nxf5 14. Bb6 Bb4 15. Bf3 $44) 12. Bxd3 cxd3 13. Rxd3 b5 $5 (13... Qa5 {comes
into consideration.}) 14. Qb3 (14. Ndxb5 $6 {is dubious on account of} Qxd3 15.
Nc7+ Kd7 $1 16. Nxa8 Nd5 $1 17. Nb6+ (17. Nxd5 exd5 18. Nb6+ Kc7) 17... Nxb6
18. Bxb6 Bb4 $15) 14... Nxe5 15. Rd1 Qc8 (15... Qa5 $6 16. O-O N7c6 17. Nxe6 $1
fxe6 18. Qxe6+ $40) 16. O-O N7c6 17. Rc1 Na5 (17... Be7 $2 {runs into the
devastating} 18. Ncxb5 $1 axb5 19. Nxc6 Nxc6 20. Qxb5 Ra6 21. Bb6 $18) 18. Qd1
Nac4 19. Bf4 Ng6 20. Bg3 Qb7 21. a4 Be7 22. axb5 O-O {and Black has finally
successfully finished the development!} (22... axb5 $6 23. Ncxb5) 23. Qe2
1/2-1/2

[Event "Tilburg Fontys"]
[Site "Tilburg"]
[Date "1998.10.29"]
[Round "6"]
[White "Svidler, Peter"]
[Black "Van Wely, Loek"]
[Result "1-0"]
[WhiteElo "2710"]
[BlackElo "2635"]
[Annotator "Petursson,M"]
[PlyCount "119"]
[EventDate "1998.10.23"]
[EventType "tourn"]
[EventRounds "11"]
[EventCountry "NED"]
[EventCategory "18"]
[SourceTitle "EXT 1999"]
[Source "ChessBase"]
[SourceDate "1998.11.16"]
[SourceVersion "1"]
[SourceVersionDate "1998.11.16"]
[SourceQuality "1"]

{[%mdl 4096]} 1. e4 c5 2. Nf3 Nc6 3. Nc3 g6 4. Bb5 Bg7 5. O-O d6 6. e5 dxe5 7.
Bxc6+ bxc6 8. Re1 Qc7 9. d3 Nf6 10. Nxe5 Nd5 11. Qe2 Nxc3 12. bxc3 Qxe5 13.
Qxe5 Bxe5 14. Rxe5 c4 15. dxc4 f6 16. Rc5 Bd7 17. Ra5 Kf7 18. Be3 Bf5 19. Rb1
Bxc2 20. Rb7 Rhb8 21. Rxb8 Rxb8 22. h4 Rb7 23. Bxa7 Bd3 24. Bc5 Bxc4 25. a4 Ke6
26. Ra8 Kd5 27. Be3 Rb1+ 28. Kh2 Ra1 29. a5 c5 30. Ra7 Kd6 31. Bh6 Bd5 32. Bf4+
e5 33. Bh6 Ra2 34. Ra6+ Ke7 35. Be3 c4 36. Bc5+ Kf7 37. Rd6 Be4 38. a6 f5 39.
a7 f4 40. Rd7+ Ke6 41. Rxh7 Bc6 42. Rh6 Be4 43. Rh8 Kd7 44. Bb6 Ra6 45. Rd8+
Ke7 46. f3 Bc6 47. Rg8 Kf7 48. Rc8 Bd5 49. Rd8 Ke6 50. Bc5 Bb7 51. Kh3 Ra5 52.
Re8+ Kf5 53. Bd6 Bc6 {[%tqu "En","How do you force a quick win for White in
this ending?","Activate your king at all cost!","Sacrifice a piece to distract
his king!","e8e5","",22]} 54. Rxe5+ $1 Rxe5 55. Bxe5 Kxe5 (55... Bb7 56. Bc7
Bc6 {[%cal Rh3h2,Rh2g1,Rg1c1,Rc1a3,Ra3c5] and Black has no defence against the
march of the White king}) 56. Kg4 Kf6 57. Kxf4 Bb7 58. g4 Bc6 59. Ke3 Ke5 60.
f4+ 1-0

[Event "Tilburg Fontys"]
[Site "Tilburg"]
[Date "1998.11.03"]
[Round "10"]
[White "Lautier, Joel"]
[Black "Svidler, Peter"]
[Result "1-0"]
[WhiteElo "2630"]
[BlackElo "2710"]
[Annotator "Lautier,J"]
[PlyCount "67"]
[EventDate "1998.10.23"]
[EventType "tourn"]
[EventRounds "11"]
[EventCountry "NED"]
[EventCategory "18"]
[SourceTitle "CBM 068"]
[Source "ChessBase"]
[SourceDate "1999.02.01"]
[SourceVersion "1"]
[SourceVersionDate "1999.02.01"]
[SourceQuality "1"]

1. d4 {Ftacnik} Nf6 2. c4 g6 3. Nc3 d5 4. cxd5 Nxd5 5. e4 Nxc3 6. bxc3 Bg7 7.
Nf3 c5 8. Rb1 O-O 9. Be2 cxd4 10. cxd4 Qa5+ 11. Bd2 Qxa2 12. O-O Bg4 13. Bg5 h6
14. Bh4 Bf6 $6 {Ftacnik: 'This is certainly a concession, but black avoids
sharp lines in which his sfate hangs on the merit of each move.'} (14... Rd8 {
Ftacnik} 15. d5 g5 16. Bg3 b6 $2 (16... e6 $5 17. Bc7 Rd7 18. d6 Na6 19. Bb5
Rxc7 20. dxc7 Nxc7 21. Qd7 $13) 17. Re1 Bxf3 (17... e6 18. Nxg5 Bxe2 19. Rxe2
Qa5 20. Nf3 (20. Nxf7 $5 Kxf7 21. dxe6+ Ke8 22. Qb3 $14) 20... exd5 21. exd5
Nc6 22. Rd2 $16) 18. Bxf3 Nd7 19. e5 Rac8 20. e6 $1 (20. Ra1 Qc2 21. Rxa7 Qxd1
22. Rxd1 Nxe5 23. Bxe5 Bxe5 24. Rxe7 $14) 20... fxe6 21. Rxe6 {1-0 Anand,
V-Illescas Cordoba,M/Madrid 1998/ (34)}) (14... Qe6 {Ftacnik} 15. h3 Bxf3 16.
Bxf3 Qd7 17. d5 Na6 18. Qe2 Nc5 19. e5 e6 20. Rfd1 exd5 21. Bxd5 Qf5 22. Be7
Rfc8 23. Qe3 {Komljenovic,D-Sanchez Almeyra,J/San Sebastian op/1993/1/2-1/2 
(109)}) (14... g5 $1 {Ftacnik} 15. Bg3 Nc6 16. d5 (16. Rxb7 $6 Bxf3 17. Bxf3
Nxd4 18. Rxe7 Qa3 $15) 16... Rad8 (16... Na5 17. e5 b6 18. Ra1 Qb2 19. Rb1 Qa2
20. Rb4 Bh5 21. h4 Rad8 22. Rd4 f5 23. hxg5 Bxf3 24. gxf3 hxg5 25. f4 gxf4 26.
Bxf4 {1-0 Sapis,W-Touzane,O/Legnica Voivode Cup/1994/ (40)}) 17. Rxb7 e6 (17...
f5 $1 18. Qe1 (18. Bc7 fxe4 $1) 18... Bxf3 19. Bxf3 Nd4 20. exf5 Nxf3+ 21. gxf3
Qxd5 22. Rxa7 Rxf5 $11) 18. Bc7 exd5 19. Bxd8 dxe4 (19... Nxd8 20. Rb8 dxe4 21.
Rxd8 $16) 20. Be7 Re8 21. Bc5 (21. Bb5 $1 exf3 22. Bxc6 fxg2 23. Bxe8 $1 (23.
Qxg4 gxf1=Q+ 24. Kxf1 Qa6+) 23... Bxd1 24. Rxd1 Qe2 25. Rbd7 $1 (25. Ba4 $2 Bd4
$1) 25... Be5 26. Bc5 $18) 21... Rd8 $5 22. Qb3 $8 {1-0/ Chernin,A-Horvath,J/
HUN-ch/1992/ (35)}) (14... a5 {Ftacnik} 15. Rxb7 g5 16. Bg3 a4 17. h4 a3 18.
hxg5 hxg5 19. Rc7 (19. Rb5 Nc6 (19... f6 20. Qd3 Rc8 21. Rfb1 Nd7 22. Bd1 $16)
20. Rxg5 Bxf3 21. gxf3 $1 (21. Bxf3 Qb2 22. e5 Nxd4 23. Bxa8 Ne2+ 24. Kh2 Rxa8
25. Qd5 Rb8 26. e6 Nxg3 27. exf7+ Kf8 28. fxg3 a2 29. Rxg7 Qxg7 30. Qxa2 Qh8+
31. Kg1 Qd4+ $14) 21... Qb2 22. Bc4 {1/2-1/2 Lautier,J-Sokolov,I/Malmo 1998/ 
(40)}) 19... Na6 20. Rxe7 Qb2 21. Bc4 Qb4 22. Bxf7+ Kh8 23. Rd7 Bxd7 24. Nxg5
Qb6 25. Be6 Qxe6 26. Nxe6 Bxe6 27. Be5 $1 {1-0 Gelfand,B-Shirov,A/Polanica
Zdroj 1998/ (39)}) 15. Bxf6 (15. Bg3 Nc6 16. d5 Bxf3 (16... Ne5 17. Rxb7 a5 (
17... Nxf3+ 18. Bxf3 Bxf3 19. Qxf3 $14) (17... Bxf3 18. gxf3 $14) 18. Re1 Nxf3+
(18... Bxf3 19. gxf3 $14) 19. Bxf3 Bxf3 20. Qxf3 $14) 17. Bxf3 (17. gxf3 Nd4
$132) 17... Ne5 (17... Nd4 18. e5) 18. Rxb7 a5 $11) 15... exf6 16. Rxb7 Nc6 17.
h3 (17. d5 Ne5 (17... Bxf3 {Ftacnik} 18. Bxf3 Ne5) 18. Nd4 Bxe2 19. Nxe2 (19.
Qxe2 Qa4 20. Rd1 Rfb8 21. Rxb8+ Rxb8 $11 {/\ Rb2}) 19... Qc4 $11) 17... Bxf3
18. Bxf3 Qc4 19. d5 (19. Rd7 $6 {Ftacnik} Rfd8 20. Rc7 Rac8 $11) 19... Ne5 20.
Qd2 $1 Nxf3+ $6 {'?' Ftacnik. Ftacnik: 'Strategical blunder, since black
trades the good central piece that was making the march of d pawn more
laborious.'} (20... a5 21. Rc1 (21. Qxh6 $6 a4 $132) 21... Qd3 22. Qxd3 Nxd3
23. Rc3 Ne5 24. Be2) (20... Kg7 {Ftacnik} 21. Rc1 Qa4 22. Qe3 Rfb8 $14) 21.
gxf3 Qc8 22. Qb2 $16 {'!' Ftacnik.} f5 $2 (22... Qxh3 $2 23. Qxf6) (22... Kg7
$8 23. Kg2 Rb8 24. Rxb8 Qxb8 25. Qxb8 Rxb8 26. Ra1 Rb7 27. Ra6 g5 28. f4 gxf4
29. Kf3 $16) 23. e5 $18 Qc4 24. Rd1 (24. d6 {Ftacnik} Rad8 (24... Qh4 25. e6
Qg5+ 26. Kh1 Qf4 27. e7 $18) 25. Rxa7 Qh4 $16) 24... Rad8 25. d6 (25. e6 $2
Rxd5 26. Re1 (26. Rc1 Qf4 (26... Qd4 $2 27. Qxd4 Rxd4 28. Rd7 $1 $18) 27. Rxf7
(27. exf7+ Kh7 $13) 27... Rxf7 28. exf7+ (28. Rc8+ Rf8 29. Rxf8+ Kxf8 30. Qf6+
Kg8 31. Qxg6+ Kh8 32. e7 Re5 $11) 28... Kxf7 29. Qb7+ Kf6 30. Rc6+ Rd6 $11) (
26. exf7+ Kh7 (26... Rxf7 $2 27. Rb8+ Rf8 28. Rxf8+ Kxf8 29. Qf6+ $18) 27. Rb1
Qh4 $13) 26... Rc5 $1 (26... Qd4 $2 27. Qxd4 Rxd4 28. Rd7 $1 $18) 27. Qf6 (27.
e7 Re8 28. Rb8 Rcc8 29. Rxc8 Qxc8 30. Qf6 Qd7 $11) (27. exf7+ Kh7 $13 (27...
Rxf7 $2 28. Re8+ $18) (27... Kh7 {Ftacnik} 28. Re8 Qc1+ 29. Qxc1 Rxc1+ 30. Kg2
Kg7 $11)) 27... Qc3 (27... Rc7 $13) 28. exf7+ Kh7 $13) (25. Qd4 $6 {Ftacnik}
Qxd4 26. Rxd4 Rfe8 27. f4 g5 $14) 25... Qf4 (25... Qc6 {Ftacnik} 26. Rd3 (26.
e6 Rxd6 (26... Qxf3 27. Rd4 fxe6 28. Rd3 $18) 27. exf7+ Rxf7 28. Rb8+ Rf8 29.
Rxf8+ Kxf8 30. Rc1 Qd5 31. Qh8+ Ke7 $13) 26... Rd7 27. Rxd7 Qxd7 28. Qc1 $14)
26. Qc3 (26. e6 {Ftacnik} Rxd6 27. exf7+ Rxf7 28. Rb8+ Rf8 29. Rxf8+ Kxf8 30.
Qb8+ Ke7 31. Qc7+ Ke6 32. Re1+ Kd5 33. Qb7+ $16) 26... a5 27. Re1 (27. Qxa5 {
Ftacnik} Qxf3 28. Qd5 Qxd5 29. Rxd5 Rfe8 $14) 27... Rb8 (27... a4 {Ftacnik} 28.
e6 Rxd6 29. e7 Re8 30. Rb8 $1 Rxb8 31. e8=Q+ Rxe8 32. Rxe8+ Kh7 33. Rh8#) 28.
Rxb8 (28. Ra7 Qb4 $132) 28... Rxb8 {Ftacnik: 'Hecht: '[#] Riesiger weißer
Zentralfreibauer; Taktik.''} 29. d7 Rd8 (29... Qg5+ {Ftacnik} 30. Kf1 Qd8 31.
e6 fxe6 32. Qe5 Rb6 33. Qxa5 $16) 30. e6 $1 {Ftacnik: 'Decisive move, that
combines the opening of the black king with the support of the dangerously
passed d pawn.'} Qg5+ (30... fxe6 31. Qc6 $18) 31. Kf1 Qe7 (31... fxe6 {Ftacnik
} 32. Qc6 $18) 32. Qc6 (32. Qc7 $2 fxe6 33. Rxe6 Qxd7) 32... Kh7 (32... Kg7 33.
Qb6 $1) 33. Qc7 Kg7 34. Qxd8 1-0

[Event "Haifa act"]
[Site "Haifa"]
[Date "1998.11.19"]
[Round "?"]
[White "Svidler, Peter"]
[Black "Gelfand, Boris"]
[Result "1-0"]
[WhiteElo "2710"]
[BlackElo "2675"]
[PlyCount "69"]
[EventDate "1998.11.??"]
[EventType "tourn (rapid)"]
[EventRounds "14"]
[EventCountry "ISR"]
[EventCategory "16"]
[SourceTitle "EXT 2002"]
[Source "ChessBase"]
[SourceDate "2001.11.25"]
[SourceVersion "1"]
[SourceVersionDate "2001.11.25"]
[SourceQuality "1"]

1. e4 c5 2. Nf3 d6 3. d4 cxd4 4. Nxd4 Nf6 5. Nc3 a6 6. Be2 e5 7. Nb3 Be7 8. O-O
O-O 9. Be3 Be6 10. Nd5 Nbd7 11. Qd3 Bxd5 12. exd5 Nc5 13. Qd2 Nfe4 14. Qb4 a5
15. Qb5 Qc7 16. Rfd1 a4 17. Nxc5 Nxc5 18. Qc4 Rac8 19. b4 axb3 20. cxb3 Qd8 21.
Rac1 f5 22. b4 Ne4 23. Qxc8 Qxc8 24. Rxc8 Rxc8 25. Bd3 f4 26. Rc1 Rxc1+ 27.
Bxc1 Nc3 28. Bd2 Na4 29. Bb5 Nb6 30. a4 Kf8 31. a5 Nxd5 32. Bd7 b6 33. Bc6 Nxb4
34. Bxb4 bxa5 35. Bxa5 1-0

[Event "Haifa act"]
[Site "Haifa"]
[Date "1998.11.19"]
[Round "?"]
[White "Svidler, Peter"]
[Black "Polgar, Judit"]
[Result "1/2-1/2"]
[WhiteElo "2710"]
[BlackElo "2665"]
[PlyCount "87"]
[EventDate "1998.11.??"]
[EventType "tourn (rapid)"]
[EventRounds "14"]
[EventCountry "ISR"]
[EventCategory "16"]
[SourceTitle "EXT 2002"]
[Source "ChessBase"]
[SourceDate "2001.11.25"]
[SourceVersion "1"]
[SourceVersionDate "2001.11.25"]
[SourceQuality "1"]

1. e4 c5 2. Nf3 e6 3. d4 cxd4 4. Nxd4 Nc6 5. Nc3 d6 6. g4 Nge7 7. Be3 a6 8. g5
b5 9. h4 Bb7 10. Bg2 Rc8 11. Qd2 Ne5 12. b3 Qa5 13. Nce2 Qxd2+ 14. Bxd2 h6 15.
a4 bxa4 16. Rxa4 Nd7 17. Nc3 g6 18. gxh6 Bxh6 19. Bxh6 Rxh6 20. Kd2 Rh5 21. Rh3
Rhc5 22. Nde2 a5 23. Rh1 Nb6 24. Ra2 d5 25. exd5 Nexd5 26. Ne4 Rd8 27. Nxc5
Nb4+ 28. Nd3 Bxg2 29. Rha1 Be4 30. Rxa5 Bxd3 31. cxd3 Rxd3+ 32. Kc1 Rxb3 33.
R1a3 Nd3+ 34. Kc2 Rxa3 35. Rxa3 Nxf2 36. Nf4 e5 37. Nxg6 fxg6 38. Ra6 Nc4 39.
Rxg6 Kf7 40. h5 e4 41. Rg1 Ne3+ 42. Kd2 Nf5 43. Rf1 e3+ 44. Ke2 1/2-1/2

[Event "St Petersburg-ch 5'"]
[Site "St Petersburg"]
[Date "1998.12.26"]
[Round "10"]
[White "Sakaev, Konstantin"]
[Black "Svidler, Peter"]
[Result "1/2-1/2"]
[WhiteElo "2635"]
[BlackElo "2710"]
[PlyCount "25"]
[EventDate "1998.12.??"]
[EventType "tourn (blitz)"]
[EventRounds "19"]
[EventCountry "RUS"]
[SourceTitle "EXT 2006"]
[Source "ChessBase"]
[SourceDate "2005.11.24"]
[SourceVersion "1"]
[SourceVersionDate "2005.11.24"]
[SourceQuality "1"]

1. d4 Nf6 2. c4 g6 3. f3 Bg7 4. e4 d6 5. Be3 O-O 6. Nc3 a6 7. Qd2 Nc6 8. Nge2
Rb8 9. h4 b5 10. h5 e5 11. d5 Na5 12. Ng3 bxc4 13. O-O-O 1/2-1/2

[Event "St Petersburg-ch 5'"]
[Site "St Petersburg"]
[Date "1998.12.26"]
[Round "11"]
[White "Svidler, Peter"]
[Black "Taimanov, Mark E"]
[Result "1/2-1/2"]
[WhiteElo "2710"]
[BlackElo "2455"]
[PlyCount "62"]
[EventDate "1998.12.??"]
[EventType "tourn (blitz)"]
[EventRounds "19"]
[EventCountry "RUS"]
[SourceTitle "EXT 2006"]
[Source "ChessBase"]
[SourceDate "2005.11.24"]
[SourceVersion "1"]
[SourceVersionDate "2005.11.24"]
[SourceQuality "1"]

1. e4 c5 2. Nf3 e6 3. d4 cxd4 4. Nxd4 Nc6 5. Nb5 d6 6. Bf4 e5 7. Be3 a6 8. N5c3
Nf6 9. Nd5 Nxd5 10. exd5 Ne7 11. c4 Nf5 12. Bc1 Be7 13. Bd3 O-O 14. O-O Bd7 15.
Nc3 Nd4 16. Kh1 f5 17. Be3 Bf6 18. f3 Rc8 19. Rc1 Re8 20. Qd2 Qa5 21. Rfd1 b5
22. Ne4 Qxd2 23. Nxf6+ gxf6 24. Rxd2 bxc4 25. Bxc4 f4 26. Bxd4 exd4 27. Kg1 Bb5
28. Rxd4 Re2 29. Bxe2 Rxc1+ 30. Rd1 Rc2 31. Bxb5 axb5 1/2-1/2

[Event "St Petersburg-ch 5'"]
[Site "St Petersburg"]
[Date "1998.12.26"]
[Round "12"]
[White "Aseev, Konstantin N"]
[Black "Svidler, Peter"]
[Result "0-1"]
[WhiteElo "2525"]
[BlackElo "2710"]
[PlyCount "52"]
[EventDate "1998.12.??"]
[EventType "tourn (blitz)"]
[EventRounds "19"]
[EventCountry "RUS"]
[SourceTitle "EXT 2006"]
[Source "ChessBase"]
[SourceDate "2005.11.24"]
[SourceVersion "1"]
[SourceVersionDate "2005.11.24"]
[SourceQuality "1"]

1. d4 Nf6 2. c4 g6 3. Nc3 d5 4. Bg5 Bg7 5. e3 Ne4 6. Bf4 Nxc3 7. bxc3 O-O 8.
Nf3 c5 9. cxd5 Qxd5 10. Qb3 Be6 11. Qxd5 Bxd5 12. Be2 cxd4 13. cxd4 Rc8 14. Kd2
Nd7 15. Rhc1 Nf6 16. Bc7 Bf8 17. Ke1 e6 18. a4 Ne4 19. Rab1 Ba3 20. Rc2 Bd6 21.
Rbc1 Bb3 22. Bd3 Bxc2 23. Rxc2 Nxf2 24. Bxd6 Nxd3+ 25. Kd2 Rxc2+ 26. Kxc2 Nf2
0-1

[Event "St Petersburg-ch 5'"]
[Site "St Petersburg"]
[Date "1998.12.26"]
[Round "13"]
[White "Svidler, Peter"]
[Black "Chepukaitis, Genrikh"]
[Result "0-1"]
[WhiteElo "2710"]
[BlackElo "2420"]
[PlyCount "48"]
[EventDate "1998.12.??"]
[EventType "tourn (blitz)"]
[EventRounds "19"]
[EventCountry "RUS"]
[SourceTitle "EXT 2006"]
[Source "ChessBase"]
[SourceDate "2005.11.24"]
[SourceVersion "1"]
[SourceVersionDate "2005.11.24"]
[SourceQuality "1"]

1. e4 d6 2. d4 g6 3. Nf3 Bg7 4. g3 a6 5. Bg2 Nd7 6. O-O e6 7. c4 Ne7 8. Nc3 O-O
9. Be3 h6 10. Nd2 Rb8 11. Rc1 b6 12. f4 f5 13. e5 b5 14. d5 dxe5 15. dxe6 Nf6
16. cxb5 axb5 17. Ba7 Bxe6 18. fxe5 Ng4 19. Nb3 Bc4 20. Re1 Nxe5 21. Bxb8 Qxb8
22. Nd5 N7c6 23. Nc5 Qa7 24. b4 Nxb4 0-1

[Event "Gawlikowski Memorial 18th"]
[Site "Warsaw"]
[Date "1999.??.??"]
[Round "?"]
[White "Grabarczyk, Bogdan"]
[Black "Svidler, Peter"]
[Result "1/2-1/2"]
[WhiteElo "2380"]
[BlackElo "2713"]
[PlyCount "39"]
[EventDate "1999.??.??"]
[EventType "tourn"]
[EventRounds "11"]
[EventCountry "POL"]
[SourceTitle "EXT 2002"]
[Source "ChessBase"]
[SourceDate "2001.11.25"]
[SourceVersion "1"]
[SourceVersionDate "2001.11.25"]
[SourceQuality "1"]

1. d4 g6 2. c4 Bg7 3. Nf3 Nf6 4. g3 d5 5. cxd5 Nxd5 6. Bg2 O-O 7. O-O Nb6 8.
Nc3 Nc6 9. d5 Na5 10. Qc2 Bd7 11. Rd1 Qc8 12. Bg5 Re8 13. Rac1 c6 14. b3 Bh3
15. Qd2 Bxg2 16. Kxg2 Qd7 17. e4 cxd5 18. Nxd5 Nc6 19. Nxb6 Qxd2 20. Rxd2
1/2-1/2